Ciudades latinoamericanas que comienzan con T - Estadísticas

Estadísticas generales
  • Esta prueba ha sido intentada 1.549 veces
  • La puntuación promedio es 3 de 10
Respuestas en el mapa
Las respuestas están codificadas por una escala verde-roja en el mapa de la prueba según el % correcto abajo.
 
Estadísticas de respuestas
País Población Ciudad % Correcto
Honduras 1,09 M Tegucigalpa
81%
México 1,81 M Tijuana
80%
México 0,91 M Toluca
37%
Perú 0,99 M Trujillo
34%
Perú 0,32 M Tacna
24%
Chile 0,28 M Temuco
24%
México 0,69 M Torreón
23%
México 0,58 M Tuxtla Gutiérrez
18%
Brasil 0,82 M Teresina
15%
Venezuela 0,38 M Turmero
4%
No se encontraron pruebas coincidentes
Distribución de puntuación
Porcentaje de gente con cada puntuación
Porcentaje por número respondido
Historial de tus puntuaciones
No has intentado esta prueba.